[Event "Sparkassen-Open A"]
[Site "Heusenstamm, Martinsee"]
[Date "2018.11.25"]
[Round "7.50"]
[White "Rondonuwu, Grover"]
[Black "MÃ¼dder, Rafael"]
[Result "1/2-1/2"]
[WhiteElo "2101"]
[BlackElo "1994"]
[PlyCount "105"]
[EventDate "2018.??.??"]
[WhiteTeam "Frankfurter TV"]
[BlackTeam "SG Solingen"]

1. d4 d5 2. Bf4 c6 3. c3 Qb6 4. Qb3 Bf5 5. Nd2 Nf6 6. e3 Nbd7 7. Ngf3 h6 8. Ne5
Nxe5 9. Bxe5 Nd7 10. Bg3 e6 11. Be2 Be7 12. O-O O-O 13. Nf3 Bg4 14. Rfe1 Bxf3
15. Bxf3 Qxb3 16. axb3 Nf6 17. b4 a6 18. Be2 Ne4 19. Be5 f6 20. Bc7 Bd8 21.
Bxd8 Rfxd8 22. Bd3 Nd6 23. e4 dxe4 24. Bxe4 Nxe4 25. Rxe4 Kf7 26. Rae1 Re8 27.
f4 a5 28. f5 e5 29. bxa5 Rxa5 30. Kf2 Ra2 31. R1e2 g6 32. g4 gxf5 33. gxf5 Ra4
34. Kf3 Ra2 35. c4 Ra5 36. b3 Ra3 37. R4e3 Ra5 38. h4 h5 39. c5 Rb5 40. dxe5
fxe5 41. Rxe5 Rxb3+ 42. Kf4 Rb4+ 43. R2e4 Rxe4+ 44. Rxe4 Rd8 45. Rb4 Kf6 46.
Rxb7 Rd5 47. Ke4 Rxc5 48. Rc7 Re5+ 49. Kd4 Rd5+ 50. Ke4 Rc5 51. Rc8 Re5+ 52.
Kd4 Rxf5 53. Rxc6+ 1/2-1/2

[Event "Sparkassen-Open A"]
[Site "Heusenstamm, Martinsee"]
[Date "2018.11.25"]
[Round "7.51"]
[White "Berberich, Christoph"]
[Black "Mueller, Werner"]
[Result "0-1"]
[WhiteElo "1997"]
[BlackElo "2089"]
[PlyCount "94"]
[EventDate "2018.??.??"]
[WhiteTeam "SGEM Dreisamtal"]
[BlackTeam "BCA Augsburg"]

1. d4 Nf6 2. Nf3 d6 3. c4 g6 4. Nc3 Bg7 5. e4 O-O 6. Be2 Nbd7 7. O-O e5 8. Qc2
exd4 9. Nxd4 Re8 10. Rd1 Nc5 11. f3 a5 12. Ndb5 Bd7 13. Bg5 h6 14. Be3 Na6 15.
Rac1 Qe7 16. Qd2 Kh7 17. Bd4 Be6 18. Nd5 Bxd5 19. cxd5 b6 20. a3 Nc5 21. Bc4 a4
22. Qc3 Rec8 23. Re1 Ncd7 24. Bd3 Qf8 25. Qb4 Nc5 26. Bc2 Nfd7 27. Nc3 Bxd4+
28. Qxd4 Qg7 29. Qxg7+ Kxg7 30. Red1 Ra5 31. Rd4 Nb3 32. Bxb3 axb3 33. Nb1 Nc5
34. Nd2 Rca8 35. Rc3 Ra4 36. Rxa4 Rxa4 37. Nxb3 Kf6 38. Nc1 Rd4 39. Ne2 Rd2 40.
Kf2 Rxb2 41. Ke3 h5 42. h4 Ke7 43. g3 Kd8 44. Nd4 Kd7 45. Kf4 Rd2 46. Ke3 Rd1
47. f4 Re1+ 0-1

[Event "Sparkassen-Open A"]
[Site "Heusenstamm, Martinsee"]
[Date "2018.11.25"]
[Round "7.52"]
[White "SchlÃ¶ÃŸner, Henrik"]
[Black "Altenbernd, Jannis-Domenik"]
[Result "1-0"]
[WhiteElo "2088"]
[BlackElo "1990"]
[PlyCount "161"]
[EventDate "2018.??.??"]
[WhiteTeam "SK GrÃ¼ndau"]
[BlackTeam "SG BÃ¼nde"]

1. e4 c5 2. Nf3 d6 3. d4 cxd4 4. Nxd4 Nf6 5. Nc3 a6 6. Bg5 Nbd7 7. f4 Qc7 8.
Qf3 e6 9. O-O-O Be7 10. g4 Rb8 11. Bxf6 Nxf6 12. g5 Nd7 13. Bh3 Nb6 14. f5 e5
15. Ne6 Bxe6 16. fxe6 Bxg5+ 17. Kb1 f6 18. Rhg1 Rc8 19. Rg2 Qe7 20. Rf1 Rc7 21.
Qf2 Rxc3 22. bxc3 Nc4 23. Rxg5 fxg5 24. Kc1 Rf8 25. Qa7 Rxf1+ 26. Bxf1 Qxe6 27.
Qb8+ Kf7 28. Qc7+ Kg6 29. Bxc4 Qf6 30. Qxb7 Qf4+ 31. Kb2 Qxh2 32. Qxa6 Qd2 33.
Bd5 Qf4 34. Qxd6+ Kh5 35. Qd7 Qf6 36. Qh3+ Kg6 37. Be6 h5 38. a4 Qf4 39. a5 g4
40. Qg2 Kf6 41. Bc8 Kg5 42. Qe2 Qf8 43. Bb7 g3 44. Ba6 Qc5 45. Qd2+ Kh4 46.
Qd8+ g5 47. Bf1 Qf2 48. Qd3 g2 49. Bxg2 Qxg2 50. a6 Qf2 51. Qb5 g4 52. Qb7 g3
53. a7 g2 54. Qe7+ Kh3 55. Qe6+ Kh4 56. a8=Q g1=Q 57. Qd8+ Qg5 58. Qxg5+ Kxg5
59. Qxe5+ Kg4 60. Qe6+ Kg5 61. e5 Qf8 62. Kb3 h4 63. Kc4 Qf1+ 64. Kd5 h3 65.
Qg8+ Kh4 66. Qh7+ Kg3 67. Qg6+ Kf2 68. Qf5+ Kg1 69. Qg4+ Kf2 70. e6 h2 71. Qh4+
Kg1 72. Qg3+ Qg2+ 73. Qxg2+ Kxg2 74. e7 h1=Q 75. e8=Q Qd1+ 76. Kc4 Qxc2 77.
Qg8+ Kf2 78. Qf7+ Ke3 79. Qe6+ Kd2 80. Qh6+ Kd1 81. Qh1+ 1-0

[Event "Sparkassen-Open A"]
[Site "Heusenstamm, Martinsee"]
[Date "2018.11.25"]
[Round "7.53"]
[White "Hinrichs, Hans-Uwe"]
[Black "Diez, Gerhard"]
[Result "1-0"]
[WhiteElo "2075"]
[BlackElo "1984"]
[PlyCount "114"]
[EventDate "2018.??.??"]
[WhiteTeam "SK Bingen"]
[BlackTeam "SC Bad Nauheim"]

1. e4 c5 2. Nc3 a6 3. g3 Nc6 4. Bg2 d6 5. d3 g6 6. Nh3 Bg7 7. O-O Nf6 8. f3 b5
9. Be3 Rb8 10. Qd2 h6 11. Nf2 Nd4 12. h3 Be6 13. f4 b4 14. Ncd1 Bd7 15. g4 e5
16. c3 bxc3 17. bxc3 Ne6 18. f5 Ng5 19. h4 Ngh7 20. Bxh6 Bxh6 21. Qxh6 Ng8 22.
Qg7 Qf6 23. Qxf6 Nhxf6 24. Kh2 Rxh4+ 25. Kg3 g5 26. Ne3 Ke7 27. Rfb1 Rxb1 28.
Rxb1 Bc8 29. Nh3 Rh7 30. Nxg5 Rg7 31. Nh3 Nh7 32. Nd5+ Kd8 33. Rb6 Kd7 34. a4
f6 35. Bf1 Ne7 36. Nxe7 Rxe7 37. a5 Kc7 38. Be2 Bb7 39. c4 Re8 40. Bd1 Rg8 41.
Ba4 Rd8 42. Rb2 Bc8 43. Rh2 Rg8 44. Nf2 Rg7 45. Rh6 Bd7 46. Bxd7 Kxd7 47. Rh1
Kc7 48. Rb1 Rg8 49. Rb6 Ra8 50. Nd1 Rb8 51. Nc3 Rxb6 52. Nd5+ Kd7 53. Nxb6+ Kd8
54. Nd5 Ke8 55. Kh4 Kf7 56. Nc7 Ke7 57. Ne6 Nf8 1-0

[Event "Sparkassen-Open A"]
[Site "Heusenstamm, Martinsee"]
[Date "2018.11.25"]
[Round "7.54"]
[White "KÃ¼rschner, Matthias"]
[Black "StÃ¼mer, Paul"]
[Result "1-0"]
[WhiteElo "1985"]
[BlackElo "2074"]
[PlyCount "131"]
[EventDate "2018.??.??"]
[WhiteTeam "SK Langen"]
[BlackTeam "SV Bergneustadt/Derschlag"]

1. e4 c5 2. c4 Nc6 3. Ne2 g6 4. d4 cxd4 5. Nxd4 Bh6 6. Nc3 d6 7. Be2 Bxc1 8.
Rxc1 Nf6 9. O-O O-O 10. Nc2 Be6 11. Qd2 Rc8 12. Ne3 Ne5 13. b3 Qa5 14. Rfd1 Qc5
15. Kh1 Kh8 16. f3 g5 17. Ncd5 Bxd5 18. cxd5 Qb6 19. Nf5 Rxc1 20. Rxc1 Qd8 21.
Qxg5 Rg8 22. Qe3 e6 23. dxe6 fxe6 24. Ng3 Nc6 25. Rd1 Qe7 26. Bd3 Qf7 27. Ne2
Qg7 28. Qf2 a6 29. Nf4 e5 30. Ne2 Qf8 31. Qb6 Rg7 32. Bc4 Rd7 33. a4 Qe7 34.
Nc3 Nd4 35. Bd5 Rc7 36. Qb4 Qd7 37. Nb1 Nh5 38. Qd2 Qg7 39. Rc1 Nf4 40. Rxc7
Qxc7 41. Bc4 Qc5 42. Qc3 b5 43. axb5 axb5 44. Bf1 Nfe6 45. b4 Qa7 46. Qa3 Qc7
47. Nc3 Nc2 48. Qa8+ Kg7 49. Nxb5 Qb6 50. Qa7+ Qxa7 51. Nxa7 Nxb4 52. Nb5 d5
53. exd5 Nxd5 54. Bc4 Nec7 55. Nd6 Ne7 56. Kg1 Nc6 57. Kf2 Kf6 58. h4 Nd4 59.
g3 h6 60. Bd3 Nd5 61. Ne4+ Kg7 62. Nd6 Kf6 63. Be4 Ne7 64. Nc4 Ke6 65. Ne3 Kf6
66. Ng4+ 1-0

[Event "Sparkassen-Open A"]
[Site "Heusenstamm, Martinsee"]
[Date "2018.11.25"]
[Round "7.55"]
[White "Junker, Christian"]
[Black "SurÃ¡nyi, PÃ¡l"]
[Result "1-0"]
[WhiteElo "1984"]
[BlackElo "2061"]
[PlyCount "93"]
[EventDate "2018.??.??"]
[WhiteTeam "SV Neu-Isenburg"]
[BlackTeam "SC Remagen-Sinzig"]

1. Nf3 Nf6 2. g3 d5 3. d3 c5 4. Nbd2 Nc6 5. Bg2 e5 6. e4 Be7 7. O-O O-O 8. Re1
d4 9. Nc4 Qc7 10. a4 Ne8 11. Nfd2 Be6 12. Rf1 Rb8 13. f4 f6 14. f5 Bf7 15. g4
a6 16. a5 Nd6 17. Nb6 Nxa5 18. Nd5 Bxd5 19. exd5 b5 20. Qe1 c4 21. Ne4 Nxe4 22.
Bxe4 c3 23. b3 Rfd8 24. Qh4 Rd6 25. Rf3 Bf8 26. g5 Nb7 27. gxf6 gxf6 28. Rg3+
Kh8 29. Kh1 Nc5 30. Bf3 Qf7 31. b4 Nd7 32. Kg1 Bg7 33. Kf2 Rg8 34. Bh5 Qe7 35.
Rh3 Bf8 36. Bg6 Rg7 37. Bh6 Rg8 38. Rg1 Bxh6 39. Qxh6 Nf8 40. Rhg3 Nxg6 41.
fxg6 Rg7 42. gxh7 Rxg3 43. Rxg3 Rd8 44. Qg6 Qf8 45. d6 a5 46. d7 axb4 47. Qg8+
1-0

[Event "Sparkassen-Open A"]
[Site "Heusenstamm, Martinsee"]
[Date "2018.11.25"]
[Round "7.56"]
[White "Vlassis, Georgios"]
[Black "MÃ¼ller, Jochen"]
[Result "0-1"]
[WhiteElo "2053"]
[BlackElo "1967"]
[PlyCount "68"]
[EventDate "2018.??.??"]
[WhiteTeam "CCS of Thessaloniki"]
[BlackTeam "Spvgg Stetten"]

1. Nf3 Nf6 2. d4 e6 3. e3 d5 4. Bd3 c5 5. b3 cxd4 6. exd4 Bd6 7. O-O O-O 8. Bb2
Nc6 9. a3 Re8 10. Ne5 Qc7 11. Re1 a6 12. Nd2 b5 13. f4 b4 14. a4 a5 15. Qe2
Bxe5 16. fxe5 Nd7 17. Nf3 Nf8 18. Ng5 h6 19. Nh3 Qa7 20. Qf2 Ba6 21. Rad1 Rac8
22. Rf1 Bxd3 23. Rxd3 Ng6 24. Bc1 Qe7 25. Rf3 Rc7 26. Be3 Rec8 27. Qd2 Nd8 28.
Rc1 Nh4 29. Rff1 Nf5 30. Bf2 Rc3 31. Nf4 Qg5 32. Be1 R3c7 33. Rf3 Nc6 34. Rd3
Nce7 0-1

[Event "Sparkassen-Open A"]
[Site "Heusenstamm, Martinsee"]
[Date "2018.11.25"]
[Round "7.57"]
[White "Kalepky, Helmut"]
[Black "Bordin, Igor"]
[Result "1/2-1/2"]
[WhiteElo "1960"]
[BlackElo "2051"]
[PlyCount "131"]
[EventDate "2018.??.??"]
[WhiteTeam "SF Heidesheim"]
[BlackTeam "SC Fehrbach"]

1. d4 Nf6 2. c4 e6 3. g3 Bb4+ 4. Nd2 d5 5. a3 Be7 6. Ngf3 O-O 7. Bg2 c6 8. O-O
Nbd7 9. Qc2 b6 10. b3 Ba6 11. Ne5 Nxe5 12. dxe5 Nd7 13. Bb2 Rc8 14. Rfe1 Qc7
15. f4 Rfd8 16. Rad1 Qb8 17. Qb1 dxc4 18. bxc4 Nc5 19. Qc2 Qc7 20. Bf1 Rd7 21.
e3 Rcd8 22. Nb3 Rxd1 23. Rxd1 Rxd1 24. Qxd1 Na4 25. Bc1 Nc5 26. Nxc5 Bxc5 27.
Qa4 Bc8 28. Kf2 a6 29. Qb3 Qd7 30. a4 g6 31. Be2 a5 32. Ba3 Qe7 33. Bxc5 Qxc5
34. Qd3 Qe7 35. Bf3 Bd7 36. c5 bxc5 37. Qd2 Kg7 38. Qxa5 c4 39. Qc3 Qc5 40. Be2
Qa7 41. Bd1 c5 42. Qxc4 Qa5 43. Bc2 Bc6 44. e4 Kf8 45. Qd3 Ke8 46. Qd6 Bd7 47.
Qb8+ Ke7 48. Qd6+ Kd8 49. f5 Kc8 50. f6 Qc3 51. Bd3 Qd4+ 52. Qxd4 cxd4 53. Bb5
Bxb5 54. axb5 Kc7 55. Ke2 Kb6 56. Kd3 Kxb5 57. Kxd4 Kb4 58. g4 g5 59. Kd3 Kb5
60. Kd4 Kb4 61. Kd3 Kc5 62. Kc3 Kb5 63. Kb3 Kc5 64. Kc3 Kb5 65. Kb3 Kc5 66. Kc3
1/2-1/2

[Event "Sparkassen-Open A"]
[Site "Heusenstamm, Martinsee"]
[Date "2018.11.25"]
[Round "7.58"]
[White "Bachmann, Nick"]
[Black "Azimi, Reza"]
[Result "1/2-1/2"]
[WhiteElo "1957"]
[BlackElo "2028"]
[PlyCount "90"]
[EventDate "2018.??.??"]
[WhiteTeam "SG WÃ¤chtersbach"]
[BlackTeam "MÃ¼nchener SC"]

1. e4 c5 2. c3 e6 3. d4 d5 4. exd5 exd5 5. Nf3 Nf6 6. Be2 cxd4 7. cxd4 Bd6 8.
Nc3 Nc6 9. O-O O-O 10. Bg5 Be6 11. h3 h6 12. Be3 Re8 13. Rc1 Qd7 14. Re1 Bxh3
15. gxh3 Qxh3 16. Bf1 Qh5 17. Ne5 Rxe5 18. dxe5 Ng4 19. Bg2 Bxe5 20. Nxd5 Bh2+
21. Kf1 Nce5 22. f4 Ng6 23. Qf3 Rd8 24. Rc5 f5 25. Qh3 Nh4 26. Bf2 Nxf2 27.
Kxf2 Bxf4 28. Nxf4 Qg5 29. Qg3 Qf6 30. Ne6 Rd2+ 31. Re2 Rxe2+ 32. Kxe2 Qxe6+
33. Re5 Qc4+ 34. Kf2 Qd4+ 35. Kf1 Kh7 36. Re2 b6 37. Qe3 Qd1+ 38. Re1 Qg4 39.
Re2 h5 40. Bh3 Qc4 41. Qg5 g6 42. Qe7+ Kh6 43. Qf8+ Kh7 44. Qe7+ Kh6 45. Qf8+
Kh7 1/2-1/2

[Event "Sparkassen-Open A"]
[Site "Heusenstamm, Martinsee"]
[Date "2018.11.25"]
[Round "7.59"]
[White "Tuzi, Bruna"]
[Black "Benninger, Rudolf"]
[Result "1-0"]
[WhiteElo "1866"]
[BlackElo "2042"]
[PlyCount "67"]
[EventDate "2018.??.??"]
[WhiteTeam "SK GieÃŸen"]
[BlackTeam "SC Heusenstamm"]

1. e4 g6 2. d4 Bg7 3. Nc3 c6 4. Nf3 d5 5. Be3 dxe4 6. Nxe4 Nd7 7. Bc4 Nb6 8.
Bb3 Nf6 9. Nxf6+ exf6 10. h3 O-O 11. O-O Be6 12. Qd2 Nd5 13. Bh6 Qc7 14. Rfe1
Rfe8 15. Bxg7 Kxg7 16. Rad1 Rad8 17. c4 Nf4 18. Re3 b5 19. cxb5 cxb5 20. Bxe6
Rxe6 21. Rxe6 fxe6 22. Qe3 Qd6 23. g3 Nd5 24. Qe2 a6 25. Rc1 Rd7 26. a3 Rc7 27.
Qd2 Nb6 28. Rxc7+ Qxc7 29. Qa5 Qb7 30. Nd2 Kf7 31. Nb3 Nc4 32. Qc3 Qe4 33. Nc5
e5 34. Nxe4 1-0

[Event "Sparkassen-Open A"]
[Site "Heusenstamm, Martinsee"]
[Date "2018.11.25"]
[Round "7.60"]
[White "Bethke, Robert"]
[Black "HÃ¶hne, Volkmar"]
[Result "1/2-1/2"]
[WhiteElo "2036"]
[BlackElo "1960"]
[PlyCount "53"]
[EventDate "2018.??.??"]
[WhiteTeam "SF Neuberg"]
[BlackTeam "SV GroÃŸauheim"]

1. c4 Nf6 2. Nc3 e5 3. Nf3 Nc6 4. g3 Bb4 5. Bg2 O-O 6. O-O Re8 7. d3 Bxc3 8.
bxc3 e4 9. Ng5 exd3 10. exd3 h6 11. Ne4 d6 12. Nxf6+ Qxf6 13. d4 Bd7 14. Bf4
Na5 15. Rb1 Rab8 16. c5 b6 17. cxd6 cxd6 18. Qc1 Nc4 19. Rb4 Rbc8 20. Re1 g5
21. Rxe8+ Bxe8 22. Bh3 Rc7 23. Be3 Nxe3 24. Qxe3 Re7 25. Qd2 Bc6 26. d5 Bb7 27.
Rb1 1/2-1/2

[Event "Sparkassen-Open A"]
[Site "Heusenstamm, Martinsee"]
[Date "2018.11.25"]
[Round "7.61"]
[White "Trumpp, Lothar"]
[Black "Wuerl, Roland"]
[Result "1/2-1/2"]
[WhiteElo "2004"]
[BlackElo "1948"]
[PlyCount "66"]
[EventDate "2018.??.??"]
[WhiteTeam "VSG Offenbach"]
[BlackTeam "SK Dieburg"]

1. e4 c5 2. d3 Nc6 3. Nf3 g6 4. c3 Bg7 5. Be3 d6 6. g3 e5 7. Bg2 Nge7 8. O-O
O-O 9. Qd2 b6 10. a4 d5 11. Rd1 dxe4 12. dxe4 Qxd2 13. Nfxd2 Be6 14. Na3 Rfd8
15. Bf1 Na5 16. Nac4 Nxc4 17. Nxc4 Nc6 18. Rdb1 h6 19. a5 Bxc4 20. Bxc4 Nxa5
21. Bd5 Rac8 22. b4 cxb4 23. cxb4 Nc6 24. b5 Ne7 25. Bb3 Rc7 26. Kf1 Kf8 27.
Ke2 Ke8 28. Rd1 Rxd1 29. Kxd1 Nc8 30. Bd5 Ne7 31. Bb3 Nc8 32. Rb1 Nd6 33. Bd5
Nb7 1/2-1/2

[Event "Sparkassen-Open A"]
[Site "Heusenstamm, Martinsee"]
[Date "2018.11.25"]
[Round "7.63"]
[White "Pfeffer, Marko"]
[Black "Pohle, Saskia"]
[Result "1-0"]
[WhiteElo "2016"]
[BlackElo "1656"]
[PlyCount "57"]
[EventDate "2018.??.??"]
[WhiteTeam "SC Bergen-Enkheim"]
[BlackTeam "Muldental Wilkau-HaÃŸlau"]

1. Nc3 d5 2. e4 dxe4 3. Nxe4 g6 4. Nf3 Bg7 5. Bc4 Nf6 6. Ng3 O-O 7. O-O c5 8.
d4 cxd4 9. Qxd4 Nc6 10. Qh4 Bg4 11. Be2 h6 12. Bxh6 Qb6 13. b3 Bxf3 14. Bxf3
Nd4 15. Bd1 Qb4 16. c4 Qc3 17. Rb1 Qd3 18. Ra1 Qc3 19. Bxg7 Kxg7 20. Bg4 Nxg4
21. Qxg4 f5 22. Qh4 Nc6 23. Rae1 Qd2 24. Re2 Qd3 25. Re3 Qc2 26. Re2 Qd3 27.
Re6 f4 28. Ne4 Rad8 29. Qg5 1-0

[Event "Sparkassen-Open A"]
[Site "Heusenstamm, Martinsee"]
[Date "2018.11.25"]
[Round "7.64"]
[White "Kirchner, Markus"]
[Black "SchÃ¤fer, Heiko"]
[Result "1/2-1/2"]
[WhiteElo "1887"]
[BlackElo "2014"]
[PlyCount "64"]
[EventDate "2018.??.??"]
[WhiteTeam "SF SchÃ¶neck"]
[BlackTeam "Potsdamer SV"]

1. e4 e6 2. d4 d5 3. Nd2 Be7 4. Bd3 c5 5. dxc5 Nf6 6. Qe2 O-O 7. Ngf3 a5 8. c3
Na6 9. O-O Nxc5 10. Bc2 b6 11. Re1 Ba6 12. Qd1 dxe4 13. Nxe4 Ncxe4 14. Qxd8
Rfxd8 15. Bxe4 Nxe4 16. Rxe4 Bb7 17. Re1 Bxf3 18. gxf3 Bc5 19. Bf4 Rd3 20. Kg2
Kf8 21. Rad1 Rad8 22. Rxd3 Rxd3 23. Re2 Ke7 24. Rd2 Rxd2 25. Bxd2 b5 26. b3 a4
27. Kf1 Kd6 28. Ke2 Kd5 29. Be3 e5 30. Bxc5 Kxc5 31. Kd3 f5 32. f4 e4+ 1/2-1/2

[Event "Sparkassen-Open A"]
[Site "Heusenstamm, Martinsee"]
[Date "2018.11.25"]
[Round "7.65"]
[White "Scharrer, Udo"]
[Black "Nyenhuis, Yannek"]
[Result "1/2-1/2"]
[WhiteElo "2014"]
[BlackElo "1892"]
[PlyCount "38"]
[EventDate "2018.??.??"]
[WhiteTeam "SV Dicker Turm Esslingen"]
[BlackTeam "PSV Uelzen"]

1. d4 Nf6 2. c4 c5 3. d5 b5 4. cxb5 a6 5. bxa6 g6 6. Nc3 Bxa6 7. g3 d6 8. Bg2
Bg7 9. Nf3 Nbd7 10. Rb1 O-O 11. O-O Qa5 12. Bd2 Rfb8 13. Qc2 Ng4 14. b3 Nge5
15. Nxe5 Nxe5 16. Rfe1 Qa3 17. Bc1 Qa5 18. Bd2 Qa3 19. Bc1 Qa5 1/2-1/2

[Event "Sparkassen-Open A"]
[Site "Heusenstamm, Martinsee"]
[Date "2018.11.25"]
[Round "7.66"]
[White "Papadopoulos, Ioannis"]
[Black "Yankelevich, Michael"]
[Result "1/2-1/2"]
[WhiteElo "1796"]
[BlackElo "1978"]
[PlyCount "40"]
[EventDate "2018.??.??"]
[WhiteTeam "SV Oberursel"]
[BlackTeam "SG Trier"]

1. e4 c5 2. Nf3 e6 3. d4 cxd4 4. Nxd4 Bc5 5. Nb3 Bb6 6. Bd3 Ne7 7. Nc3 Nbc6 8.
O-O O-O 9. Na4 Bc7 10. f4 d5 11. e5 f6 12. exf6 Rxf6 13. Nc3 Nf5 14. Bxf5 Rxf5
15. Be3 Bb6 16. Nd4 Rf8 17. Kh1 Qh4 18. Nf3 Qd8 19. Bxb6 Qxb6 20. Qd3 Nb4
1/2-1/2

[Event "Sparkassen-Open A"]
[Site "Heusenstamm, Martinsee"]
[Date "2018.11.25"]
[Round "7.67"]
[White "Scheitz, Michael"]
[Black "Marchese, Gaspare"]
[Result "1-0"]
[WhiteElo "2090"]
[BlackElo "1908"]
[PlyCount "65"]
[EventDate "2018.??.??"]
[WhiteTeam "Wiesbadener SV"]
[BlackTeam "SC Matt im Park"]

1. c4 e5 2. Nc3 Nf6 3. Nf3 Nc6 4. e3 Bc5 5. Nxe5 O-O 6. Nxc6 dxc6 7. Be2 Qe7 8.
O-O Rd8 9. d4 Bd6 10. g3 c5 11. d5 Bh3 12. Re1 Qd7 13. f4 Re8 14. Bf3 Ng4 15.
e4 f6 16. b3 Re7 17. Bd2 Rae8 18. Qc2 g5 19. Nb5 gxf4 20. Nxd6 cxd6 21. Bxf4
Ne5 22. Bg2 Ng6 23. Bxd6 Rg7 24. Bxc5 Nf4 25. Bf3 Bg4 26. Rf1 Qc7 27. Bd4 h5
28. Kh1 Nh3 29. Bxf6 Rf8 30. Bg2 Rgf7 31. e5 Rxf6 32. exf6 Qf7 33. Rae1 1-0

[Event "Sparkassen-Open A"]
[Site "Heusenstamm, Martinsee"]
[Date "2018.11.25"]
[Round "7.68"]
[White "Schmitt, Carsten"]
[Black "Harringer, Manfred"]
[Result "0-1"]
[WhiteElo "1913"]
[BlackElo "2038"]
[PlyCount "84"]
[EventDate "2018.??.??"]
[WhiteTeam "SV Bergwinkel"]
[BlackTeam "Bergische SF"]

1. c4 Nf6 2. g3 e6 3. Bg2 d5 4. Nf3 Be7 5. O-O O-O 6. b3 c5 7. e3 b6 8. Bb2 Bb7
9. Qe2 dxc4 10. bxc4 Nc6 11. Rd1 Qc8 12. Nc3 Rd8 13. Rac1 Nb4 14. d4 Ne4 15. a3
Na6 16. Nxe4 Bxe4 17. Ne5 Bxg2 18. Kxg2 f6 19. Nd3 Qc6+ 20. Qf3 Qxf3+ 21. Kxf3
Kf7 22. Nf4 g5 23. Ne2 cxd4 24. exd4 Rac8 25. g4 Rh8 26. Ng3 Rhd8 27. d5 Nc5
28. dxe6+ Nxe6 29. Ne4 Rxd1 30. Rxd1 Rxc4 31. Bxf6 Rxe4 32. Kxe4 Kxf6 33. h4
Bxa3 34. Ra1 Bc5 35. Rxa7 gxh4 36. f4 h6 37. Ra2 Bd6 38. Rb2 Bc7 39. Rh2 Bxf4
40. Rxh4 Kg5 41. Rh5+ Kxg4 42. Rb5 Ng5+ 0-1

[Event "Sparkassen-Open A"]
[Site "Heusenstamm, Martinsee"]
[Date "2018.11.25"]
[Round "7.69"]
[White "Bakiev, Diyor"]
[Black "Oparaugo, Thomas"]
[Result "0-1"]
[WhiteElo "1908"]
[BlackElo "2052"]
[PlyCount "120"]
[EventDate "2018.??.??"]
[WhiteTeam "SV Ffm-Griesheim"]
[BlackTeam "SV Oberursel"]

1. e4 e5 2. Nf3 Nc6 3. Bc4 Bc5 4. b4 Bxb4 5. c3 Ba5 6. d4 d6 7. Qb3 Qd7 8. dxe5
Bb6 9. Nbd2 Na5 10. Qc2 Nxc4 11. Nxc4 d5 12. exd5 Qxd5 13. Qa4+ Bd7 14. Nxb6
cxb6 15. Qd4 Ne7 16. O-O Qxd4 17. cxd4 Bc6 18. Bb2 Bxf3 19. gxf3 Rc8 20. Rac1
Kd7 21. Kg2 Nd5 22. Kg3 Ke6 23. Rfd1 Kf5 24. Rxc8 Rxc8 25. Rd2 Rc6 26. Kg2 Kf4
27. a3 Rg6+ 28. Kf1 Kxf3 29. Rd3+ Ke4 30. Rh3 Rh6 31. Rxh6 gxh6 32. Ke2 Nf4+
33. Kd2 b5 34. Bc3 Ne6 35. f3+ Kd5 36. Kd3 Nc7 37. Bd2 h5 38. f4 Ne6 39. Be3
Ng7 40. Bg1 Nf5 41. Bf2 a5 42. Be1 b4 43. axb4 axb4 44. Bxb4 Nxd4 45. Be7 Nf3
46. h4 Nd4 47. Bf6 Nc6 48. Ke3 b5 49. Kd3 b4 50. Bg5 b3 51. Kc3 Nd4 52. Bf6
Ne2+ 53. Kxb3 Nxf4 54. Kc3 Ke4 55. Kd2 Nd3 56. Ke2 Nxe5 57. Kf1 Ng4 58. Bd8 Kf3
59. Bc7 Ne3+ 60. Kg1 Nf5 0-1

[Event "Sparkassen-Open A"]
[Site "Heusenstamm, Martinsee"]
[Date "2018.11.25"]
[Round "7.70"]
[White "KÃ¶llner, Aaron Noah"]
[Black "Deutsch, Christoph"]
[Result "1-0"]
[WhiteElo "2019"]
[BlackElo "1876"]
[PlyCount "79"]
[EventDate "2018.??.??"]
[WhiteTeam "SG Bochum"]
[BlackTeam "SK GrÃ¼ndau"]

1. d4 d5 2. c4 c6 3. cxd5 cxd5 4. Nc3 Nc6 5. e4 Nf6 6. f3 e6 7. e5 Nd7 8. f4
Be7 9. Nf3 O-O 10. Be3 Qb6 11. a3 f6 12. Na4 Qd8 13. Bd3 a6 14. Rc1 Na5 15. O-O
b5 16. Nc5 Nxc5 17. dxc5 Nc4 18. Bd4 f5 19. a4 Bd7 20. Bxc4 bxc4 21. b3 cxb3
22. c6 Be8 23. Qxb3 Rb8 24. Qe3 Qc7 25. Bc5 Bh5 26. Nd4 Bxc5 27. Rxc5 Kf7 28.
Qd3 Qb6 29. Nxe6 Rfe8 30. Ng5+ Kg8 31. Qxd5+ Kh8 32. Rfc1 Rbd8 33. Nf7+ Bxf7
34. Qxf7 Rf8 35. Qb7 Rd1+ 36. Rxd1 Qxc5+ 37. Kh1 Qc2 38. Qd7 Qxa4 39. c7 Qc2
40. e6 1-0

[Event "Sparkassen-Open A"]
[Site "Heusenstamm, Martinsee"]
[Date "2018.11.25"]
[Round "7.71"]
[White "Lotz, Ralf"]
[Black "Paeslack, Luis"]
[Result "1/2-1/2"]
[WhiteElo "1907"]
[BlackElo "2044"]
[PlyCount "88"]
[EventDate "2018.??.??"]
[WhiteTeam "SC Obertshausen"]
[BlackTeam "TV-GroÃŸostheim"]

1. d4 Nf6 2. Nf3 c5 3. c3 cxd4 4. cxd4 d5 5. Nc3 Nc6 6. Qb3 Na5 7. Qc2 Bd7 8.
Ne5 Rc8 9. Nxd7 Qxd7 10. Qd3 e6 11. a3 Ne4 12. e3 Nb3 13. Rb1 Nxc3 14. bxc3
Nxc1 15. Rxc1 Bxa3 16. Rb1 O-O 17. c4 Qa4 18. c5 b6 19. cxb6 axb6 20. Be2 Bb4+
21. Kf1 Rc3 22. Qd1 Qa2 23. g3 Rfc8 24. Kg2 Rc2 25. Ra1 Qb2 26. Rb1 Qc3 27. Qd3
Ba5 28. Rhd1 Qc7 29. Qb5 g6 30. h4 h5 31. Bd3 Rc3 32. Be2 Kg7 33. Bd3 Qe7 34.
Be2 Qf6 35. Rb3 Rc2 36. Rb2 R2c7 37. Bd3 g5 38. hxg5 Qxg5 39. Rh1 Rc1 40. Rb1
Rxh1 41. Rxh1 Rh8 42. Rh4 Qe7 43. Be2 Kg6 44. Qb1+ f5 1/2-1/2

[Event "Sparkassen-Open A"]
[Site "Heusenstamm, Martinsee"]
[Date "2018.11.25"]
[Round "7.72"]
[White "Pabel, Ralph"]
[Black "Seickel, Ralf"]
[Result "0-1"]
[WhiteElo "1905"]
[BlackElo "2044"]
[PlyCount "86"]
[EventDate "2018.??.??"]
[WhiteTeam "SK Mainaschaff"]
[BlackTeam "vereinslos"]

1. d4 Nf6 2. c4 g6 3. Nc3 d5 4. cxd5 Nxd5 5. e4 Nxc3 6. bxc3 Bg7 7. Bc4 c5 8.
Ne2 O-O 9. O-O Nc6 10. Be3 Qc7 11. Qc1 b6 12. f3 Bb7 13. Rd1 Rad8 14. Qb2 Na5
15. Bd3 e5 16. d5 c4 17. Bc2 f5 18. Rf1 f4 19. Bf2 g5 20. Ba4 h5 21. Qa3 Rf6
22. Rfd1 Bf8 23. Qb2 Rg6 24. Kh1 Qg7 25. Rg1 Bc8 26. Bb5 Be7 27. Rad1 Rdd6 28.
Nc1 g4 29. Qe2 g3 30. hxg3 fxg3 31. Be3 Qf6 32. Rge1 Qh4+ 33. Kg1 Qh2+ 34. Kf1
h4 35. Bg1 Qh1 36. Rd2 h3 37. Qd1 h2 38. Ke2 hxg1=Q 39. Rxg1 Qh6 40. Rh1 Qf4
41. Rh5 Bg5 42. Be8 Rh6 43. Qa4 Qxd2+ 0-1

[Event "Sparkassen-Open A"]
[Site "Heusenstamm, Martinsee"]
[Date "2018.11.25"]
[Round "7.73"]
[White "Von Auer, Ulrich"]
[Black "Lehmann, Tim"]
[Result "1/2-1/2"]
[WhiteElo "2042"]
[BlackElo "1901"]
[PlyCount "71"]
[EventDate "2018.??.??"]
[WhiteTeam "SF Frankfurt"]
[BlackTeam "SV Lahn Limburg"]

1. Nf3 Nf6 2. c4 g6 3. Nc3 Bg7 4. e4 d6 5. d4 O-O 6. Be2 e5 7. d5 Nbd7 8. Bg5
h6 9. Bh4 a5 10. Nd2 Nc5 11. O-O Qe8 12. b3 c6 13. Qc2 Nh7 14. f3 f5 15. a3 g5
16. Bf2 f4 17. b4 Nd7 18. c5 Qg6 19. cxd6 Ndf6 20. dxc6 bxc6 21. Nc4 g4 22.
Nxe5 Qh5 23. Nxg4 Nxg4 24. fxg4 Bxg4 25. Bxg4 Qxg4 26. h3 Qh5 27. Rad1 Ng5 28.
Bd4 Bxd4+ 29. Rxd4 f3 30. e5 fxg2 31. Qxg2 Rxf1+ 32. Kxf1 Rf8+ 33. Ke1 Kh8 34.
Rg4 Nf3+ 35. Kd1 Qxe5 36. Qb2 1/2-1/2

[Event "Sparkassen-Open A"]
[Site "Heusenstamm, Martinsee"]
[Date "2018.11.25"]
[Round "7.74"]
[White "Browning, Rebecca"]
[Black "Mischke, Gabriel"]
[Result "0-1"]
[WhiteElo "1836"]
[BlackElo "2036"]
[PlyCount "120"]
[EventDate "2018.??.??"]
[WhiteTeam "MS Halver-SchalksmÃ¼hle"]
[BlackTeam "TSV Schott Mainz"]

1. e4 e6 2. Nf3 d5 3. e5 c5 4. b4 b6 5. c3 Bd7 6. a3 Ne7 7. d4 Nf5 8. Bd3 Nh4
9. O-O Nxf3+ 10. Qxf3 cxd4 11. cxd4 Nc6 12. Qg4 f5 13. exf6 Qxf6 14. Bb2 Bd6
15. b5 Na5 16. Nd2 O-O 17. Qe2 Qh6 18. g3 Be8 19. f4 Bh5 20. Qe3 Rac8 21. Rac1
Bg4 22. Rfe1 Qh5 23. Be2 Rxc1 24. Bxc1 Bxe2 25. Qxe6+ Qf7 26. Qxe2 Rc8 27. Qd3
Nc4 28. Nf3 Qd7 29. Qe2 Bxa3 30. Qa2 Bb4 31. Rf1 Rc7 32. Qa4 a5 33. Ne5 Qf5 34.
Nc6 Qe4 35. Nxb4 Qxd4+ 36. Kg2 Qe4+ 37. Kf2 Nd6 38. Bd2 axb4 39. Re1 Qd4+ 40.
Be3 Ne4+ 41. Kf3 Rc3 42. Qa8+ Kf7 43. Qb7+ Kg6 44. Qd7 Rxe3+ 45. Rxe3 Qd1+ 46.
Re2 Qd3+ 47. Kg2 Qxe2+ 48. Kh3 Nf2+ 49. Kg2 Ne4+ 50. Kh3 Nf6 51. f5+ Kh6 52.
Qc7 Qg4+ 53. Kg2 b3 54. Qc1+ Qg5 55. Qb1 Qd2+ 56. Kh3 b2 57. g4 Qe3+ 58. Kh4
Qg5+ 59. Kg3 Qxg4+ 60. Kf2 Qf4+ 0-1